000 00442pab a2200169 454500
008 180718b2009 xxu||||| |||| 00| 0 eng d
100 _aJayadev, Arjun
245 _aWhen the facts change: how can the financial crisis change minds?
260 _c2009
300 _ap.165-70.
362 _a28 Mar
650 _aEconomic recession
700 _aKapadia, Anush
773 _aEconomic and Political Weekly
908 _aN
909 _a81872
999 _c81872
_d81872